000 00376nam a2200133Ia 4500
005 20260328101458.0
008 260328s9999||||xx |||||||||||||| ||und||
100 _aGordon, J.E.
245 4 _aThe New Science of strong Materials :
_b Or why you don't fall Through the floor /
_cJ.E. Gordon
260 _bPenguin
300 _a269 p.
650 _aDISEÑO INDUSTRIAL
942 _cBK
999 _c8890
_d8890